header

Risk and social welfare (Record no. 170794)

MARC details
000 -LEADER
fixed length control field 01417nam a2200373Ia 4500
082 04 - DEWEY DECIMAL CLASSIFICATION NUMBER
Classification number 361.6/5
245 00 - TITLE STATEMENT
Title Risk and social welfare
260 ## - PUBLICATION, DISTRIBUTION, ETC. (IMPRINT)
Place of publication New York :
Name of publisher Nova Science Publishers,
Year of publication c2009.
300 ## - PHYSICAL DESCRIPTION
Number of Pages vi, 154 p.
490 1# - SERIES STATEMENT
Series statement Social issues, justice and status series
650 #0 - SUBJECT ADDED ENTRY--TOPICAL TERM
Topical Term Public welfare.
Topical Term Social policy.
Topical Term Risk
700 1# - ADDED ENTRY--PERSONAL NAME
Personal name Powell, Jason L.,
Personal name Wahidin, Azrini,
856 40 - ELECTRONIC LOCATION AND ACCESS
Uniform Resource Identifier http://site.ebrary.com/lib/rucke/Doc?id=10660444

No items available.

© 2026 Rongo University
Contact us: librarian | system librarian | Rongo university